Размышления. II-VI (Запись № 10805777)

Подробности
000 -МАРКЕР
контрольное поле 01576nam2a2200325 4500
001 - ИДЕНТИФИКАТОР ЗАПИСИ
контрольное поле RU\NLR\BIBL_A\011267900
005 - ИДЕНТИФИКАТОР ВЕРСИИ
контрольное поле 20250630154401.0
010 ## - МЕЖДУНАРОДНЫЙ СТАНДАРТНЫЙ НОМЕР КНИГИ (ISBN)
Номер (ISBN) 978-5-93255-465-4
Тираж 1000
021 ## - НОМЕР ГОСУДАРСТВЕННОЙ РЕГИСТРАЦИИ
Код страны Российская Федерация
Номер 2016-82745
Номер Листа государственной регистраци 5406
035 ## - ДРУГИЕ СИСТЕМНЫЕ НОМЕРА
Идентификатор записи (NLR Aleph) 011267900
100 ## - ДАННЫЕ ОБЩЕЙ ОБРАБОТКИ
Данные общей обработки 20161111d2016 |||y0rusy50 ca
101 1# - ЯЗЫК РЕСУРСА
Язык текста, звукозаписи и т.д. русский
Язык оригинала немецкий
102 ## - СТРАНА ПУБЛИКАЦИИ ИЛИ ПРОИЗВОДСТВА
Страна публикации Российская Федерация
105 ## - ПОЛЕ КОДИРОВАННЫХ ДАННЫХ: ТЕКСТОВЫЕ МАТЕРИАЛЫ, МОНОГРАФИЧЕСКИЕ
Кодированные данные о монографическом текстовом документе y|||z|||000zy
200 0# - ЗАГЛАВИЕ И СВЕДЕНИЯ ОБ ОТВЕТСТВЕННОСТИ
Основное заглавие II-VI
Сведения, относящиеся к заглавию (черные тетради, 1931-1938)
210 ## - ПУБЛИКАЦИЯ, РАСПРОСТРАНЕНИЕ И ДР.
Дата издания, распространения и т.д. 2016
215 ## - ФИЗИЧЕСКАЯ ХАРАКТЕРИСТИКА
Специфическое обозначение материала и объем 583 с.
300 ## - ОБЩИЕ ПРИМЕЧАНИЯ
Текст примечания В тексте аннот.: 94-й том Собрания сочинений М. Хайдеггера, перевод которого мы вам предлагаем...
309 ## - ПРИМЕЧАНИЯ ОБ ОСНОВНОМ ИСТОЧНИКЕ ИНФОРМАЦИИ И ОБ ОСОБЕННОСТЯХ ПОЛИГРАФИЧЕСКОГО ОФОРМЛЕНИЯ ИЗДАНИЯ
Текст примечания На корешке суперобл.: 1
320 ## - ПРИМЕЧАНИЯ О НАЛИЧИИ В ДОКУМЕНТЕ БИБЛИОГРАФИИ / УКАЗАТЕЛЯ
Текст примечания Библиогр. в подстроч. примеч.
461 #0 - УРОВЕНЬ НАБОРА
Встроенное поле 001RU\NLR\BIBL_A\011615321
-- 2001#$aРазмышления$fМартин Хайдеггер$gпер. с нем. Алексея Б. Григорьева$gпод науч. ред. Михаила Маяцкого$vII-VI
-- 700#1$aХайдеггер$bМ.$f1889-1976$gМартин$3RU\NLR\AUTH\7711191
Системный номер (АБИС) связанной записи 10955471
Автор Хайдеггер, М. (1889-1976)
Место публикации Москва
Дата публикации 2016
Первые сведения об ответственности Мартин Хайдеггер
Имя издателя, распространителя и т.д. Изд-во Ин-та Гайдара
Заглавие Размышления
Номер тома II-VI
517 1# - ДРУГИЕ ВАРИАНТЫ ЗАГЛАВИЯ
Вариант заглавия (Черные тетради, 1931-1938)
606 1# - НАИМЕНОВАНИЕ ТЕМЫ КАК ПРЕДМЕТ
Наименование темы Экзистенциализм
Географический подзаголовок Германия
Системный номер авторитетной/нормативной записи 1964542
Идентификатор авторитетной/нормативной записи RU\NLR\AUTH\661186882
686 1# - ИНДЕКСЫ ДРУГИХ КЛАССИФИКАЦИЙ
Индекс Ю3(4Ф)6-663
942 ## - ДОПОЛНИТЕЛЬНЫЕ ЭЛЕМЕНТЫ ЗАПИСИ (АБИС)
Тип экземпляра АБИС Книга
980 ## - КОЛЛЕКЦИЯ
Название коллекции НБР
980 ## - КОЛЛЕКЦИЯ
Название коллекции Национальная библиография
Экземпляры
Тип экземпляра Дата поступления Источник поступления Стоимость Библиотека постоянного хранения Библиотека текущего хранения Место хранения Шифр хранения Штрих-код Статус экземпляра
Книга 11.11.2016 Обязательный экземпляр 0.00 РНБ (Московский) РНБ (Московский) Русский книжный фонд: издания с 1957 года 2016-3/32433 1-1613893  
Книга 11.11.2016 Обязательный экземпляр 0.00 РНБ (Московский) РНБ (Московский) Русский книжный фонд: издания с 1957 года 2016-3/32433 1-1613894  
Книга 17.11.2016 Покупка 639.00 РНБ (Московский) РНБ (Московский) Залы гуманитарной литературы С1 Ю3(4Г)6/Х-154 1-2009233